5HLuxD.jpg

KING HENRY VIII SENIOR AND PRIMARY SCHOOL LIBRARY OPAC

Eclipses / (Record no. 1463)

000 -LEADER
fixed length control field 01468cam a2200349 i 4500
001 - CONTROL NUMBER
control field 19470490
003 - CONTROL NUMBER IDENTIFIER
control field OSt
005 - DATE AND TIME OF LATEST TRANSACTION
control field 20221230092801.0
008 - FIXED-LENGTH DATA ELEMENTS--GENERAL INFORMATION
fixed length control field 170127t20182018nyua j 001 0 eng c
010 ## - LIBRARY OF CONGRESS CONTROL NUMBER
LC control number 2016054643
020 ## - INTERNATIONAL STANDARD BOOK NUMBER
International Standard Book Number 9781489658135 (soft cover : alk. paper)
040 ## - CATALOGING SOURCE
Original cataloging agency NJQ/DLC
Language of cataloging eng
Transcribing agency NJQ
Description conventions rda
Modifying agency DLC
-- KH8
042 ## - AUTHENTICATION CODE
Authentication code pcc
082 04 - DEWEY DECIMAL CLASSIFICATION NUMBER
Classification number 523.9 MOR
Edition number 23
100 1# - MAIN ENTRY--PERSONAL NAME
Personal name Morrison, Jessica,
Relator term author.
245 10 - TITLE STATEMENT
Title Eclipses /
Statement of responsibility, etc. Jessica Morrison and Steve Goldsworthy.
264 #1 - PRODUCTION, PUBLICATION, DISTRIBUTION, MANUFACTURE, AND COPYRIGHT NOTICE
Place of production, publication, distribution, manufacture New York, NY :
Name of producer, publisher, distributor, manufacturer AV2 by Weigl,
Date of production, publication, distribution, manufacture, or copyright notice [2018]
264 #4 - PRODUCTION, PUBLICATION, DISTRIBUTION, MANUFACTURE, AND COPYRIGHT NOTICE
Date of production, publication, distribution, manufacture, or copyright notice ©2018
300 ## - PHYSICAL DESCRIPTION
Extent 32 pages :
Other physical details illustrations (chiefly color) ;
Dimensions 27 cm.
336 ## - CONTENT TYPE
Content type term text
Source rdacontent
337 ## - MEDIA TYPE
Media type term unmediated
Source rdamedia
338 ## - CARRIER TYPE
Carrier type term volume
Source rdacarrier
490 0# - SERIES STATEMENT
Series statement All about space science
500 ## - GENERAL NOTE
General note Includes index.
505 0# - FORMATTED CONTENTS NOTE
Formatted contents note What is an eclipse? -- Orbits and eclipses -- Solar eclipses -- Lunar eclipses -- Eclipses in history -- Eclipse experts -- Artificial eclipses -- Help from eclipses -- The study of space -- Eclipses from space -- Careers in astronomy -- Not just for scientists -- Viewing eclipses.
650 #0 - SUBJECT ADDED ENTRY--TOPICAL TERM
Topical term or geographic name entry element Eclipses
Form subdivision Juvenile literature.
700 1# - ADDED ENTRY--PERSONAL NAME
Personal name Goldsworthy, Steve,
Relator term author.
776 08 - ADDITIONAL PHYSICAL FORM ENTRY
Relationship information Online version:
Main entry heading Morrison, Jessica, author.
Title Eclipses
Place, publisher, and date of publication New York, NY : AV2 by Weigl, [2017]
International Standard Book Number 9781489658142
Record control number (DLC) 2017004497
906 ## - LOCAL DATA ELEMENT F, LDF (RLIN)
a 7
b cbc
c orignew
d 1
e ecip
f 20
g y-gencatlg
942 ## - ADDED ENTRY ELEMENTS (KOHA)
Source of classification or shelving scheme
Koha item type Books - Non Ficton
Holdings
Withdrawn status Lost status Source of classification or shelving scheme Damaged status Not for loan Collection code Permanent Location Current Location Shelving location Date acquired Total Checkouts Full call number Barcode Date last seen Date last checked out Price effective from Koha item type
          Non-Fiction KH8 Primary School Library KH8 Primary School Library Non Fiction 2022-12-30 18 523.9 MOR KHPL000003242 2026-03-13 2026-03-06 2022-12-30 Books - Non Ficton

Powered By KH8 IT Dept